| 000 | 00456nam a2200193Ia 4500 | ||
|---|---|---|---|
| 008 | 170918s9999 xx 000 0 und d | ||
| 020 | _a9781409504849 | ||
| 050 | _bB893 2010 | ||
| 100 | _aBrumpton, Keith | ||
| 245 | 4 | _aThe missing fans / | |
| 245 | _cby Keith Brumpton. | ||
| 260 | _aLondon : | ||
| 260 | _bUsborne Publishing, | ||
| 260 | _c2010 | ||
| 300 | _a89 pages : | ||
| 300 | _billustrations ; | ||
| 300 | _c19cm. | ||
| 300 | _eDino FC. | ||
| 999 |
_c344305 _d344305 |
||